Estadísticas para Los fichajes más caros del fútbol - Defensas

Haz click aquí para intentar la prueba.

Estadísticas generales

  • Esta prueba ha sido intentada 41 veces
  • La puntuación promedio es 10 de 10

Estadísticas de respuestas

Coste (M €)TemporadaNacionalidadÚltimo clubNuevo clubJugador% Correcto
68,002021-2022MarruecosInterPSGAchraf Hakimi
100%
87,002019-2020InglaterraLeicester CityManchester UnitedHarry Maguire
100%
85,502019-2020Países BajosAjaxJuventusMatthijs de Ligt
100%
67,002022-2023Países BajosJuventusBayern MúnichMatthijs de Ligt
100%
84,652017-2018Países BajosSouthamptonLiverpoolVirgil van Dijk
100%
90,002023-2024CroaciaRB LeipzigManchester CityJosko Gvardiol
97%
71,602020-2021PortugalBenficaManchester CityRúben Dias
97%
65,302022-2023EspañaBrightonChelseaMarc Cucurella
92%
80,002019-2020FranciaAtlético MadridBayern MúnichLucas Hernández
89%
80,402022-2023FranciaLeicester CityChelseaWesley Fofana
84%

Distribución de puntuación

Porcentaje por número respondido

Porcentaje de gente con cada puntuación

Historial de tus puntuaciones

No has intentado esta prueba.